Sesuci Kasih Ibu / (Record no. 182855)

MARC details
000 -LEADER
fixed length control field 01089pam a2200361 ia4500
001 - CONTROL NUMBER
control field vtls000889841
003 - CONTROL NUMBER IDENTIFIER
control field PNM
005 - DATE AND TIME OF LATEST TRANSACTION
control field 20210323103151.0
008 - FIXED-LENGTH DATA ELEMENTS--GENERAL INFORMATION
fixed length control field 191106s2020 my a j 000 1 may
015 ## - NATIONAL BIBLIOGRAPHY NUMBER
National bibliography number M20-03148
020 ## - INTERNATIONAL STANDARD BOOK NUMBER
International Standard Book Number 9789670975870
Qualifying information set
International Standard Book Number 9789670975931
Terms of availability RM17.37
Qualifying information paperback
039 #9 - LEVEL OF BIBLIOGRAPHIC CONTROL AND CODING DETAIL [OBSOLETE]
Level of rules in bibliographic description 202008151928
Level of effort used to assign nonsubject heading access points siti
Level of effort used to assign subject headings 202005201536
Level of effort used to assign classification hema
Level of effort used to assign subject headings 201911091616
Level of effort used to assign classification amy_z
040 ## - CATALOGING SOURCE
Original cataloging agency BNM
Language of cataloging eng
Transcribing agency BNM
Description conventions rda
Modifying agency PPAK
049 ## - LOCAL HOLDINGS (OCLC)
Holding library mal
082 04 - DEWEY DECIMAL CLASSIFICATION NUMBER
Edition number 23
Classification number 899.2333
090 00 - LOCALLY ASSIGNED LC-TYPE CALL NUMBER (OCLC); LOCAL CALL NUMBER (RLIN)
Classification number (OCLC) (R) ; Classification number, CALL (RLIN) (NR) 899.2333
Feature heading AIN
Feature heading K
100 0# - MAIN ENTRY--PERSONAL NAME
Personal name Ainun Marziah Isa,
Dates associated with a name 1970-
Relator term author.
245 10 - TITLE STATEMENT
Title Sesuci Kasih Ibu /
Statement of responsibility, etc. Ainun Marziah Isa
264 #1 - PRODUCTION, PUBLICATION, DISTRIBUTION, MANUFACTURE, AND COPYRIGHT NOTICE
Place of production, publication, distribution, manufacture Kuching, Sarawak :
Name of producer, publisher, distributor, manufacturer Anugerah Publications,
Date of production, publication, distribution, manufacture, or copyright notice [2020?]
300 ## - PHYSICAL DESCRIPTION
Extent 30 pages :
Other physical details colour illustrations ;
Dimensions 22 cm.
336 ## - CONTENT TYPE
Content type term text
Source rdacontent
337 ## - MEDIA TYPE
Media type term unmediated
Source rdamedia
338 ## - CARRIER TYPE
Carrier type term volume
Source rdacarrier
490 1# - SERIES STATEMENT
Series statement Iktibar Zaman Silam
650 10 - SUBJECT ADDED ENTRY--TOPICAL TERM
Topical term or geographic name entry element Children's stories, Malay
Topical term or geographic name entry element Malay fiction
Topical term or geographic name entry element Didactic fiction, Malay
830 #0 - SERIES ADDED ENTRY--UNIFORM TITLE
Uniform title Iktibar zaman silam
942 ## - ADDED ENTRY ELEMENTS (KOHA)
Source of classification or shelving scheme Dewey Decimal Classification
Koha item type Book
949 ## - LOCAL PROCESSING INFORMATION (OCLC)
6 2000723131
6 2000723130
Holdings
Withdrawn Not for loan Current library Shelving location Date acquired Total Checkouts Full call number Barcode Date last seen Date last checked out Koha item type Total Renewals
    Perpustakaan Alor Setar Pinjaman Kanak-kanak 06/04/2021 1 K 899.2333 AIN A01683252 24/08/2022 01/08/2022 Book  
    Perpustakaan Awam Sungai Petani Pinjaman Kanak-kanak 06/04/2021 2 K 899.2333 AIN A01683253 17/05/2026 19/04/2026 Book 1
    Perpustakaan Baling Pinjaman Kanak-kanak 06/04/2021 3 K 899.2333 AIN A01683255 10/02/2025 01/02/2025 Book 1
    Perpustakaan Bandar Baharu Pinjaman Kanak-kanak 06/04/2021   K 899.2333 AIN A01683256 06/04/2021   Book  
    Perpustakaan Kuala Nerang Pinjaman Kanak-kanak 06/04/2021   K 899.2333 AIN A01683260 06/04/2021   Book  
    Perpustakaan Kulim Pinjaman Kanak-kanak 06/04/2021 3 K 899.2333 AIN A01683254 18/03/2023 20/02/2023 Book  
    Perpustakaan Merbok Pinjaman Kanak-kanak 06/04/2021 2 K 899.2333 AIN A01683257 06/09/2025 30/08/2025 Book  
    Perpustakaan Pendang Pinjaman Kanak-kanak 06/04/2021 1 K 899.2333 AIN A01683261 13/06/2024 06/06/2024 Book  
    Perpustakaan Sik Pinjaman Kanak-kanak 06/04/2021   K 899.2333 AIN A01683259 06/04/2021   Book  
    PD03, Kg. Pulau Pisang, Jitra Pinjaman Kanak-kanak 06/04/2021   K 899.2333 AIN A01683262 06/04/2021   Book  
    PD03, Kg. Pulau Pisang, Jitra Pinjaman Kanak-kanak 06/04/2021   K 899.2333 AIN A01683263 06/04/2021   Book  
    PD03, Kg. Pulau Pisang, Jitra Pinjaman Kanak-kanak 06/04/2021   K 899.2333 AIN A01683264 06/04/2021   Book  
    PD03, Kg. Pulau Pisang, Jitra Pinjaman Kanak-kanak 06/04/2021   K 899.2333 AIN A01683265 06/04/2021   Book